000 00731nam a2200193 a 4500
001 BRCA_587
005 20190320203056.0
008 100408s1998----mx-a---###---#000-0#spa-#
050 4 _aN7343.5
_b.S45 1998
100 1 _aSeligson, Silvia
_92021
245 1 0 _aArte chino
_bidea y símbolo : colecciones mexicanas
_cSilvia Seligson ; fotografía Carlos Blanco.
260 _aMéxico
_bMuseo Nacional de las Culturas
_c1998
300 _a47 p.
_bil. a color
_c20 cm.
500 _aCatálogo de la exposición realizada en el Museo Nacional de las Culturas (Ciudad de México), diciembre 1998
500 _aIncluye glosario
650 1 4 _aArte chino
_xColecciones privadas
_zMéxico
_92022
700 1 _aBlanco, Carlos
_92023
942 _2lcc
_cB
999 _c515
_d515